000
00257nam a2200097Ia 4500
001
719001
005
20250826163034.0
008
250824s9999 xx 000 0 und d
245
0
_a
OSMANLI DAN HİKAYELER
_c
Yazar Adı Belirtilmemiş
260
_b
PANAMA YAYINLARI
999
_c
719001
_d
719001